000 00910nam a2200205 i 4500
001 153943
003 ES-MaACL
005 20251013181150.0
008 980824s1893 sp |||| | spa d
040 _aCLM
_bspa
_cCLM
110 1 _aEspaña.
_bTribunal Supremo.
_bFiscalia.
_94005
245 1 0 _aMemoria elevada al gobierno de S.M. en 15 de septiembre de 1893 /
_cpor Eduardo Martínez del Campo.
260 _aMadrid :
_b[s.n.],
_c1893 (
_fImprenta del Ministerio de Gracia y Justicia)
300 _a131 p., [10] h. pleg. ;
_c25 cm.
610 0 4 _aEspaña.
_bTribunal Supremo.
_bFiscalia.
_94005
700 1 _aMartínez del Campo, Eduardo,
_d-1911
_9129577
852 _aES-MaACL
_jT-1244-F-8
_z-- Enc. hol., conservando la cub. original
_z-- Enc. en un vol. facticio
852 _aES-MaACL
_jT-1266-F-8
_z-- Enc. hol., conservando la cub. original
_z-- Enc. en un vol. facticio
999 _c153943
_d153943